| 000 | 00538cam a22002171 4500 | ||
|---|---|---|---|
| 001 | sa 67005367 | ||
| 003 | DLC | ||
| 005 | 20260227112356.0 | ||
| 008 | 900122s1966 ii 000 0 malo | ||
| 010 | _asa 67005367 | ||
| 035 | _a(OCoLC)20940961 | ||
| 040 |
_aDLC _cWaU _dDLC |
||
| 042 | _apremarc | ||
| 050 | 0 | 0 |
_aPL4718.9.J64 _bK33 |
| 100 | 1 | _aJoseph, V. T. | |
| 245 | 1 | 0 | _aKar̲utta nakṣatr̲aṃ. |
| 260 |
_aKunnamkulam, _bH. & C. Stores _c[1966] |
||
| 300 |
_a208 p. _c18 cm. |
||
| 500 | _aIn Malayalam. | ||
| 500 | _aA play. | ||
| 999 |
_c75150 _d75150 |
||